000 00929cam a22002891 4500
001 9396083
003 ARRUPE
005 20221130143905.0
008 731018s1965 enka b 001 0 eng
010 _a 65003480
015 _aGB65-7187
028 _bArrupe
035 _a(OCoLC)719912
040 _aDLC
_cOOxM
_dUk
_dPPiU
_dDLC
050 0 0 _aNA4815
_b.M3
100 1 _aMaguire, Robert
_q(Robert Alfred)
_952168
245 1 0 _aModern churches of the world
_c[by] Robert Maguire and Keith Murray.
260 _a[London,
_bStudio Vista, ltd.;
_aNew York,
_bDutton,
_c1965]
300 _a160 p.
_billus., plans.
_c19 cm.
490 0 _aA Dutton Vista pictureback,
_v10
504 _aBibliography: p. 160.
650 0 _aChurch architecture.
_952169
650 0 _aChurch buildings.
_952170
700 1 _aMurray, Keith A.
_ejoint author.
_952171
906 _a7
_bcbc
_coclcrpl
_du
_encip
_f19
_gy-gencatlg
942 _2lcc
_cMONOGRAPH
999 _c131624
_d131624